000 01402nam0a2200301 4500
001 RU\NLR\bibl\5514
005 20260406045954.0
010 _a5-7975-0061-2
_95000
021 _aRU
_b98-5557
_9268
035 _a(NLR Aleph) 000005370
090 _a15115
_c15115
100 _a19980831d1998 |||y0rusy50 ca
101 0 _arus
102 _aRU
105 _ay |||||||||
200 1 _aЕвропейское право
_eУчеб.
_e[Для студентов, аспирантов и преподавателей юрид. вузов и фак.]
_fБ.Н. Топорнин
_gИн-т государства и права Рос. Акад. наук
210 _aМ.
_cЮристъ
_d1998
215 _a455 с.
_d22
225 1 _aInstitutiones
606 0 _aПраво
_jРуководства, пособия и т.п. для высшей школы
_yСтраны Европейского сообщества
_92078853
_3RU\NLR\auth\661254719
606 0 _aПраво
_jУчебные издания для высшей школы
_yСтраны Европейского сообщества
_92078853
_3RU\NLR\auth\661254719
686 _aХ915.232я73-1
700 1 _4070
_8rus
_7ca
_aТопорнин
_bБ. Н.
_f1929-2005
_gБорис Николаевич
_3RU\NLR\auth\775547
_9115511
801 0 _aRU
_bNLR
_c19980831
_gPSBO
801 1 _aRU
_bNLR
_c19980831
852 _aNLR
_j98-5/785
942 _cBOOK
980 _aNB